000 00789nam a2200289Ia 4500
001 18932
003 IT-RoPAU
008 130308s9999 xx 000 0 und d
040 _aIT-RoPAU
040 _cIT-RoPAU
041 _aITALIANO
100 _aZecevic Bozidar
100 _gCodice Aut. SPICS: 4933
245 _aMito, storia e rivoluzione nel film Okupacija U 26 Slika
245 _bIugoslavia: Il Cinema dell'Autogestione
250 _a1a ed.
260 _aVENEZIA
260 _bMarsilio
260 _c1982 [1° Ed.:1982 - Ed.Ling.Originale:1978]
300 _a"13 p. (prefazione: no ; testo: 13 [pagine: 119-131])"
650 _aSTORIA NAZIONALE DEL CINEMA
650 _eCodice materia Spics: 6809
942 _cBK
957 _71
999 _c54239
_d54239
999 _bSI
999 _g1